000 00383nam a2200145Ia 4500
008 231129s2000||||xx |||||||||||||| ||spa||
020 _a958-02-1431-X
040 _bspa
082 _a918.61 G166t
100 _aGallego Garcia German
245 0 _aTravesia : Geografia de Colombia
260 _c2000
264 _aVoluntad
942 _2ddc
_cBKS
999 _c25648
_d25648